[Event "28th European Club Cup Eilat"]
[Site "?"]
[Date "2012.10.17"]
[Round "7"]
[White "Gelfand, Boris"]
[Black "Van Wely, Loek"]
[Result "1/2-1/2"]
[WhiteElo "2736"]
[BlackElo "2688"]
[PlyCount "146"]
[EventDate "2012.??.??"]

1. d4 f5 2. g3 Nf6 3. Bg2 g6 4. c4 Bg7 5. Nc3 O-O 6. Nf3 d6 7. O-O Na6 8. Rb1
c6 9. b4 Nc7 10. a4 Be6 11. Qd3 Kh8 12. b5 Bg8 13. Ba3 Qd7 14. Rfc1 Rfc8 15. e4
fxe4 16. Nxe4 Nxe4 17. Qxe4 Ne8 18. Ng5 Nf6 19. Qe2 Qg4 20. Nf3 Qd7 21. Rc3
cxb5 22. axb5 a6 23. bxa6 Rxa6 24. Nd2 Rc7 25. c5 Bd5 26. Rd3 Bxg2 27. Kxg2 Ra4
28. Qf3 Ra6 29. Nc4 Kg8 30. Rdb3 Qe6 31. Ne3 Ra4 32. d5 Qd7 33. cxd6 exd6 34.
Bb4 Ra2 35. Qf4 Ne8 36. Re1 Qf7 37. Qxf7+ Rxf7 38. Nd1 Nf6 39. Bxd6 Rd2 40. Nc3
Rd3 41. Re3 Rd2 42. Bf4 Rd7 43. d6 Rc2 44. h3 Nh5 45. Be5 Rf7 46. Ne2 Bxe5 47.
Rxe5 Rd2 48. Rb6 Kg7 49. Re6 Nf6 50. Rb3 Rd7 51. Nf4 g5 52. Rd3 Rxd3 53. Nxd3
Kf7 54. Nc5 Ne8 55. Nxd7 Kxe6 56. Nf8+ Kxd6 57. Nxh7 g4 58. hxg4 b5 59. Kf3 Kd5
60. Ke3 Kc4 61. Ng5 Nf6 62. f3 b4 63. Kd2 Nd7 64. Ne4 Kd4 65. g5 Ne5 66. Ke2 b3
67. Nd2 b2 68. f4 Nc4 69. Nb1 Nd6 70. g6 Nf5 71. g4 Ne7 72. f5 Ke4 73. g7 Ng8
1/2-1/2

[Event "28th European Club Cup Eilat"]
[Site "?"]
[Date "2012.10.17"]
[Round "7"]
[White "Bauer, Christian"]
[Black "Leko, Peter"]
[Result "1/2-1/2"]
[WhiteElo "2664"]
[BlackElo "2734"]
[PlyCount "114"]
[EventDate "2012.??.??"]

1. d4 Nf6 2. c4 e6 3. Nc3 Bb4 4. Bg5 c5 5. d5 d6 6. f3 h6 7. Bd2 O-O 8. e4 Qe7
9. Nge2 exd5 10. cxd5 Nbd7 11. Ng3 Ne5 12. Be2 a6 13. O-O Re8 14. Qc2 Bd7 15.
Rae1 c4 16. Be3 Rac8 17. Bd4 Bc5 18. Bxc5 Rxc5 19. f4 Ng6 20. Qd2 b5 21. a3 Qd8
22. Qd4 Qb6 23. Kh1 Rc6 24. Qd2 Rcc8 25. Bh5 Nxh5 26. Nxh5 f6 27. h3 Kh7 28.
Re3 Re7 29. f5 Ne5 30. Rg3 Rf8 31. Ne2 Nd3 32. Nef4 Nxf4 33. Nxf4 Rxe4 34. Nh5
Re7 35. Re1 Rxe1+ 36. Qxe1 Rf7 37. Qd2 Bxf5 38. Qf4 Bg6 39. Rxg6 Kxg6 40. Qe4+
f5 41. Qe6+ Kxh5 42. Qxf7+ g6 43. Qe6 Kg5 44. Kh2 Qd8 45. h4+ Kf4 46. Kh3 g5
47. Qxh6 Qe7 48. g3+ Ke5 49. hxg5 Kxd5 50. g6 Qe4 51. Kh2 Qe2+ 52. Kh3 Qg4+ 53.
Kh2 Ke6 54. Qg7 Qe2+ 55. Kh3 Qg4+ 56. Kh2 Qe2+ 57. Kh3 Qg4+ 1/2-1/2

[Event "28th European Club Cup Eilat"]
[Site "?"]
[Date "2012.10.17"]
[Round "7"]
[White "Giri, Anish"]
[Black "Landa, Konstantin"]
[Result "1/2-1/2"]
[WhiteElo "2730"]
[BlackElo "2641"]
[PlyCount "89"]
[EventDate "2012.??.??"]

1. e4 c5 2. Nf3 e6 3. d4 cxd4 4. Nxd4 a6 5. c4 Nf6 6. Nc3 Bb4 7. Qd3 Qc7 8. a3
Be7 9. Be2 O-O 10. O-O Nc6 11. Kh1 Rd8 12. f4 d5 13. cxd5 exd5 14. e5 Ne4 15.
Nxc6 Qxc6 16. f5 f6 17. e6 b5 18. Nxe4 dxe4 19. Qg3 Bd6 20. Bf4 Bb7 21. Rac1
Bxf4 22. Qxf4 Qd6 23. Rc7 Qxf4 24. Rxf4 Rd2 25. Bh5 Bd5 26. Kg1 e3 27. Kf1 g6
28. Bf3 gxf5 29. Bxd5 Rxd5 30. Rf3 Re8 31. Rg3+ Kh8 32. Rxe3 f4 33. Re2 Rd6 34.
e7 Kg7 35. Kf2 Rd3 36. Rc6 Kf7 37. Rce6 a5 38. Rb6 Rb3 39. Rb7 h6 40. Ke1 a4
41. Kf2 Kg6 42. Rb6 Kf7 43. Rb7 Kg6 44. Rb6 Kf7 45. Rb7 1/2-1/2

[Event "28th European Club Cup Eilat"]
[Site "?"]
[Date "2012.10.17"]
[Round "7"]
[White "Franco Alonso, Alejandro"]
[Black "Riazantsev, Alexander"]
[Result "0-1"]
[WhiteElo "2479"]
[BlackElo "2712"]
[PlyCount "94"]
[EventDate "2012.??.??"]

1. Nf3 d5 2. d4 Nf6 3. c4 e6 4. g3 dxc4 5. Qa4+ Nbd7 6. Qxc4 a6 7. Bg2 b5 8.
Qd3 Bb7 9. Bg5 c5 10. O-O h6 11. Bxf6 Nxf6 12. Rd1 c4 13. Qc2 Be7 14. Nbd2 Rc8
15. Rac1 O-O 16. Qb1 Qb6 17. e4 Rfd8 18. a3 Rc7 19. Rc3 Rcd7 20. Qc2 Ng4 21.
Rf1 Nf6 22. h3 Qa7 23. Re1 Qa8 24. g4 Qb8 25. Nf1 Qf4 26. Ng3 Nh7 27. Rce3 Qb8
28. Ne2 Ng5 29. Nh2 Rxd4 30. Nxd4 Rxd4 31. e5 Bc5 32. h4 Nh7 33. Bxb7 Qxb7 34.
Qe2 Qd7 35. Qf3 Nf8 36. h5 g5 37. Re4 Rd3 38. Qg2 Qd5 39. Nf1 Rb3 40. R1e2 Rd3
41. Ne3 Qd8 42. a4 Nd7 43. axb5 axb5 44. Nc2 Nb6 45. b4 cxb3 46. Nb4 Rd1+ 47.
Kh2 Nc4 0-1

[Event "28th European Club Cup Eilat"]
[Site "?"]
[Date "2012.10.17"]
[Round "7"]
[White "Andreikin, Dmitry"]
[Black "Zhigalko, Andrey"]
[Result "1/2-1/2"]
[WhiteElo "2718"]
[BlackElo "2582"]
[PlyCount "133"]
[EventDate "2012.??.??"]

1. d4 Nf6 2. c4 e6 3. Nf3 b6 4. Bf4 Bb7 5. e3 Bb4+ 6. Nbd2 Be7 7. Bd3 c5 8. O-O
O-O 9. h3 cxd4 10. Nxd4 Nc6 11. Nxc6 Bxc6 12. e4 d6 13. Qe2 Qc8 14. Nf3 Rd8 15.
Rac1 Qb7 16. Rfe1 Be8 17. Rcd1 a6 18. e5 dxe5 19. Bxe5 b5 20. c5 Bxc5 21. Ng5
Be7 22. Bxf6 Bxf6 23. Bxh7+ Kf8 24. Be4 Bc6 25. Nh7+ Ke8 26. Bxc6+ Qxc6 27. Rc1
Qd5 28. Nxf6+ gxf6 29. Qg4 Qg5 30. Qb4 Rac8 31. Rxc8 Rxc8 32. h4 Qd5 33. Qa3
Qd2 34. Rf1 Rc1 35. Rxc1 Qxc1+ 36. Kh2 Qd2 37. Kg3 f5 38. Qc3 Qd6+ 39. Kh3 Kf8
40. Qh8+ Ke7 41. Qg7 Qd3+ 42. Kh2 Qd6+ 43. Kh3 Qd3+ 44. f3 Qb1 45. Kh2 Qc1 46.
h5 Qf4+ 47. Kh3 Qc1 48. Kh2 Qf4+ 49. Qg3 Qh6 50. Qh4+ f6 51. Qd4 Qxh5+ 52. Kg1
f4 53. Qa7+ Kf8 54. Qb8+ Kf7 55. Qc7+ Kg6 56. Qxf4 Qc5+ 57. Kh2 Qh5+ 58. Kg3
Qc5 59. Qe4+ Kf7 60. Qb7+ Kg6 61. Qe4+ Kf7 62. Qh7+ Kf8 63. Kh3 Qc1 64. Qh8+
Kf7 65. Qh7+ Kf8 66. Qh8+ Kf7 67. Qh7+ 1/2-1/2

[Event "28th European Club Cup Eilat"]
[Site "?"]
[Date "2012.10.17"]
[Round "7"]
[White "Teterev, Vitaly"]
[Black "Nepomniachtchi, Ian"]
[Result "1/2-1/2"]
[WhiteElo "2529"]
[BlackElo "2704"]
[PlyCount "138"]
[EventDate "2012.??.??"]

1. Nf3 c5 2. c4 Nf6 3. Nc3 Nc6 4. e3 e5 5. Be2 d5 6. d4 exd4 7. exd4 Be6 8.
cxd5 Nxd5 9. O-O Be7 10. dxc5 Nxc3 11. bxc3 Bxc5 12. Ng5 Qxd1 13. Rxd1 O-O 14.
Bf4 Nd8 15. Bf3 Rc8 16. Nxe6 Nxe6 17. Be5 b6 18. h4 Rcd8 19. Kf1 Rxd1+ 20. Rxd1
Rd8 21. Rxd8+ Nxd8 22. Ke2 Kf8 23. h5 f6 24. Bb8 a6 25. Be4 h6 26. Bf4 Ke7 27.
Bd2 Nf7 28. Bb7 a5 29. Bd5 Nd6 30. g4 Kd7 31. f4 Ke8 32. Kd3 Kf8 33. Bc1 Ke7
34. Bd2 Ne8 35. Bb3 Nd6 36. Bc1 Kd7 37. g5 fxg5 38. fxg5 hxg5 39. Bxg5 Nf5 40.
Bf7 Be7 41. Bd2 Bf6 42. Bg6 Nd6 43. Be3 Kc6 44. c4 Nc8 45. Be4+ Kc7 46. c5 bxc5
47. Bxc5 Nd6 48. Bd5 Nc8 49. Bf3 Nd6 50. Bf2 Nf7 51. Bd5 Nd6 52. Bg3 Kd7 53. a4
Kc7 54. Bf4 Ba1 55. Bd2 Kb6 56. Be3+ Kc7 57. Bd4 Bxd4 58. Kxd4 Nc8 59. Kc5 Nb6
60. Bb3 Nd7+ 61. Kb5 Kd6 62. Kxa5 Kc5 63. Bd1 Ne5 64. Ka6 Kb4 65. Kb6 Nd7+ 66.
Kc6 Nf6 67. Kb6 Nd7+ 68. Ka6 Nc5+ 69. Kb6 Nd7+ 1/2-1/2

[Event "28th European Club Cup Eilat"]
[Site "?"]
[Date "2012.10.17"]
[Round "7"]
[White "Gorovets, Andrey"]
[Black "Morozevich, Alexander"]
[Result "1/2-1/2"]
[WhiteElo "2459"]
[BlackElo "2758"]
[PlyCount "81"]
[EventDate "2012.??.??"]

1. Nf3 d5 2. d4 Nf6 3. c4 e6 4. e3 b6 5. Nc3 Bb7 6. cxd5 exd5 7. Bd3 Bd6 8. Qc2
O-O 9. Nb5 Nc6 10. a3 Ne7 11. Nxd6 Qxd6 12. O-O c5 13. dxc5 bxc5 14. b4 c4 15.
Be2 a5 16. b5 a4 17. Bd2 Rfc8 18. Bb4 Qd7 19. Nd4 Ne4 20. Rab1 Ng6 21. Rfd1 Re8
22. Bf1 h5 23. f3 Nd6 24. Qc3 Nf5 25. Re1 Ngh4 26. Bc5 Rac8 27. Nxf5 Nxf5 28.
Bd4 Re6 29. g3 Rg6 30. Bh3 h4 31. Kf2 Re8 32. Rg1 hxg3+ 33. Rxg3 Rxg3 34. hxg3
Qe6 35. Bxf5 Qxf5 36. Rh1 f6 37. g4 Qg6 38. b6 Rc8 39. Qb4 Qe8 40. Qd6 c3 41.
Rc1 1/2-1/2

[Event "28th European Club Cup Eilat"]
[Site "?"]
[Date "2012.10.17"]
[Round "7"]
[White "Moiseenko, Alexander"]
[Black "Mochalov, Evgeny V"]
[Result "1-0"]
[WhiteElo "2700"]
[BlackElo "2403"]
[PlyCount "143"]
[EventDate "2012.??.??"]

1. d4 Nf6 2. c4 d6 3. Nc3 e5 4. Nf3 Nbd7 5. Bg5 c6 6. e3 Be7 7. Qc2 O-O 8. Bd3
h6 9. Bh4 Re8 10. O-O Nh5 11. Bg3 Nxg3 12. hxg3 Bf8 13. Rad1 exd4 14. Nxd4 Ne5
15. Be2 g6 16. Rd2 h5 17. b4 Ng4 18. b5 Bd7 19. Rb1 Rc8 20. Bxg4 hxg4 21. Qd3
Rc7 22. a4 Qc8 23. Rc1 Re5 24. Rb2 Qe8 25. bxc6 bxc6 26. Rcb1 Be7 27. Rb8 Rc8
28. R8b7 a6 29. R1b6 Bg5 30. Rxa6 Rb8 31. Rxb8 Qxb8 32. Nxc6 Bxc6 33. Rxc6 Qb2
34. Rxd6 Qa1+ 35. Kh2 Kg7 36. Nd1 Qxa4 37. Rd5 Bf6 38. Rxe5 Bxe5 39. Qe4 Ba1
40. Qxg4 Qc2 41. Qf3 Qxc4 42. e4 Bd4 43. Ne3 Qc5 44. Nd1 Qb5 45. Kg1 Qc4 46. g4
Qb5 47. g3 Qc4 48. Kg2 Qb5 49. Ne3 Qg5 50. Nd5 Qd2 51. Nf4 Bf6 52. Qe2 Qd6 53.
Nd3 Qc6 54. Qf3 Qb5 55. Qe3 Qb7 56. Kh2 Bc3 57. g5 Qb5 58. Kg2 Qc4 59. Nf4 Bd4
60. Qe2 Qc1 61. Qd3 Qc5 62. Qd2 Qe5 63. Ne2 Ba1 64. Qd5 Qc7 65. Nf4 Qc3 66. Nd3
Qd2 67. Nf4 Qe1 68. Qb7 Kg8 69. Nd3 Qd1 70. Qd5 Bc3 71. Nf4 Bd4 72. Nxg6 1-0

[Event "28th European Club Cup Eilat"]
[Site "?"]
[Date "2012.10.17"]
[Round "7"]
[White "Jakovenko, Dmitry"]
[Black "Wojtaszek, Radoslaw"]
[Result "1/2-1/2"]
[WhiteElo "2732"]
[BlackElo "2733"]
[PlyCount "106"]
[EventDate "2012.??.??"]

1. d4 Nf6 2. c4 e6 3. Nf3 d5 4. Nc3 Bb4 5. cxd5 exd5 6. Bg5 h6 7. Bh4 c5 8. e3
c4 9. Be2 g5 10. Bg3 Nc6 11. O-O O-O 12. Nd2 Bf5 13. a3 Bxc3 14. bxc3 Qe7 15.
a4 Rfe8 16. Re1 Bg6 17. Bf1 Ne4 18. Nxe4 Qxe4 19. f3 Qc2 20. Qxc2 Bxc2 21. e4
dxe4 22. fxe4 Rxe4 23. Rxe4 Bxe4 24. Bxc4 Rd8 25. Re1 Bd5 26. Bf1 Be6 27. a5
Rc8 28. Ra1 Ne7 29. Bd6 Nf5 30. Bc5 b6 31. axb6 axb6 32. Bxb6 Rxc3 33. Re1 Ne3
34. Ba5 Ra3 35. Bd2 Nxf1 36. Kxf1 Ra2 37. Be3 Bd5 38. Bf2 Kg7 39. h3 f6 40. Kg1
Kg6 41. Rc1 h5 42. Re1 h4 43. Rc1 Rd2 44. Ra1 f5 45. Ra6+ Kh5 46. Ra1 Be4 47.
Re1 Rc2 48. Re3 g4 49. hxg4+ Kxg4 50. Rh3 Rc1+ 51. Kh2 Rc2 52. Kg1 Rc1+ 53. Kh2
Rc2 1/2-1/2

[Event "28th European Club Cup Eilat"]
[Site "?"]
[Date "2012.10.17"]
[Round "7"]
[White "Sasikiran, Krishnan"]
[Black "Korobov, Anton"]
[Result "0-1"]
[WhiteElo "2680"]
[BlackElo "2705"]
[PlyCount "70"]
[EventDate "2012.??.??"]

1. d4 Nf6 2. Nf3 e6 3. c4 b6 4. Nc3 Bb4 5. Bg5 Bb7 6. e3 h6 7. Bh4 g5 8. Bg3
Ne4 9. Qc2 Bxc3+ 10. bxc3 d6 11. Bd3 f5 12. d5 Qf6 13. Nd4 Nc5 14. f3 Nxd3+ 15.
Qxd3 e5 16. Ne6 Na6 17. f4 gxf4 18. exf4 e4 19. Qc2 Bc8 20. Bf2 Rg8 21. Bd4 Qg6
22. Qa4+ Ke7 23. O-O-O Qe8 24. Qc2 Bxe6 25. dxe6 Qc6 26. Qf2 Kxe6 27. Qh4 Raf8
28. g4 Qxc4 29. Qxh6+ Kd7 30. g5 Nb4 31. g6 Nd3+ 32. Rxd3 exd3 33. Rd1 Qxa2 34.
Rxd3 Re8 35. Be3 Qe6 0-1

[Event "28th European Club Cup Eilat"]
[Site "?"]
[Date "2012.10.17"]
[Round "7"]
[White "Maki, Veijo"]
[Black "Bacrot, Etienne"]
[Result "0-1"]
[WhiteElo "2383"]
[BlackElo "2705"]
[PlyCount "78"]
[EventDate "2012.??.??"]

1. c4 e5 2. Nc3 Nf6 3. Nf3 Nc6 4. g3 d5 5. cxd5 Nxd5 6. Bg2 Nb6 7. O-O Be7 8.
d3 O-O 9. Be3 f5 10. Na4 Kh8 11. Rc1 Bd6 12. a3 Qe8 13. Nc5 Nd5 14. Bd2 Nf6 15.
b4 h6 16. b5 Nd8 17. a4 Qh5 18. e3 f4 19. Nh4 Bg4 20. f3 Bc8 21. e4 b6 22. Nb3
Nb7 23. Be1 Nc5 24. Nxc5 Bxc5+ 25. Rxc5 bxc5 26. Qc2 Nd7 27. Bf2 Re8 28. Rc1 a6
29. Qb3 axb5 30. axb5 Nf8 31. Qd5 Be6 32. Qxc5 Qg5 33. d4 exd4 34. Bxd4 Red8
35. Qe5 Rxd4 36. Qxd4 fxg3 37. Rxc7 gxh2+ 38. Kh1 Qg3 39. Qc3 Rd8 0-1

[Event "28th European Club Cup Eilat"]
[Site "?"]
[Date "2012.10.17"]
[Round "7"]
[White "Naiditsch, Arkadij"]
[Black "Koykka, Pekka"]
[Result "1-0"]
[WhiteElo "2704"]
[BlackElo "2242"]
[PlyCount "55"]
[EventDate "2012.??.??"]

1. c4 Nf6 2. Nc3 e6 3. e4 d5 4. e5 d4 5. exf6 dxc3 6. bxc3 Qxf6 7. Nf3 Bd6 8.
d4 h6 9. Bd3 O-O 10. Qe2 Re8 11. O-O Nd7 12. c5 Bf8 13. Qe4 Qf5 14. Qxf5 exf5
15. Bxf5 Ne5 16. Be4 Nxf3+ 17. Bxf3 c6 18. Rb1 a5 19. Be3 Ra7 20. d5 Bf5 21.
Rb2 a4 22. dxc6 bxc6 23. Bxc6 a3 24. Rb6 Rxe3 25. fxe3 Be6 26. Rb8 Bxa2 27. Ra1
Be6 28. e4 1-0

[Event "Unive 2012"]
[Site "?"]
[Date "????.??.??"]
[Round "1"]
[White "Hou, Yifan"]
[Black "Tiviakov, Sergei"]
[Result "1/2-1/2"]
[WhiteElo "2605"]
[BlackElo "2659"]
[PlyCount "81"]

1. e4 e6 2. d4 d5 3. Nc3 dxe4 4. Nxe4 Nd7 5. Nf3 Ngf6 6. Nxf6+ Nxf6 7. Be3 Bd6
8. Bd3 b6 9. Ne5 O-O 10. Qf3 Nd5 11. Bd2 Bb7 12. c4 Bxe5 13. dxe5 Ne7 14. Qg3
Ng6 15. O-O-O Qd4 16. Rhe1 Qh4 17. f3 Qxg3 18. hxg3 Rfd8 19. Bg5 Re8 20. Bxg6
fxg6 21. Rd7 Rac8 22. Red1 Bc6 23. Rd8 b5 24. Rxc8 Rxc8 25. Rd8+ Rxd8 26. Bxd8
bxc4 27. Kd2 Kf7 28. Bxc7 g5 29. Kc3 g4 30. fxg4 Bd5 31. a3 Ke8 32. Kb4 Kd7 33.
Bb8 a6 34. Kc5 c3 35. bxc3 Bxg2 36. Bd6 Bf3 37. g5 g6 38. c4 Be2 39. a4 Bf1 40.
a5 Be2 41. Kd4 1/2-1/2

[Event "Chigorin Memorial 2012"]
[Site "St Petersburg RUS"]
[Date "2012.10.29"]
[Round "3"]
[White "Vitiugov, Nikita"]
[Black "Oparin, Grigoriy"]
[Result "1/2-1/2"]
[WhiteElo "2691"]
[BlackElo "2484"]
[PlyCount "79"]
[EventDate "2012.10.27"]

1. c4 e6 2. Nf3 d5 3. b3 d4 4. e3 Nc6 5. exd4 Nxd4 6. Bb2 Bc5 7. b4 Qf6 8. Nc3
Nxf3+ 9. gxf3 Qe5+ 10. Qe2 Bd4 11. Qxe5 Bxe5 12. O-O-O Ne7 13. Nb5 Bxb2+ 14.
Kxb2 Kd8 15. Rg1 g6 16. Nc3 b6 17. d4 Bb7 18. d5 exd5 19. cxd5 Nf5 20. Bb5 a5
21. a3 axb4 22. axb4 Nd6 23. Bc6 Bxc6 24. dxc6 Re8 25. f4 Re6 26. Kb3 Ke8 27.
Rge1 b5 28. Re5 Ra6 29. Rc5 Ne4 30. Nxe4 Rxe4 31. f5 gxf5 32. Rdc1 Re6 33. f4
Ke7 34. Rxb5 Raxc6 35. Rxc6 Rxc6 36. Rxf5 Rh6 37. Re5+ Kd6 38. Rf5 Ke6 39. Re5+
Kd6 40. Rf5 1/2-1/2

[Event "Chigorin Memorial 2012"]
[Site "St Petersburg RUS"]
[Date "2012.10.30"]
[Round "4"]
[White "Vitiugov, Nikita"]
[Black "Alekseenko, Kirill"]
[Result "1-0"]
[WhiteElo "2691"]
[BlackElo "2434"]
[PlyCount "105"]
[EventDate "2012.10.27"]

1. d4 d5 2. c4 dxc4 3. e4 Nf6 4. e5 Nd5 5. Bxc4 Nb6 6. Bb3 Bf5 7. Ne2 e6 8.
Nbc3 Nc6 9. O-O Be7 10. Be3 Qd7 11. a3 O-O-O 12. Qc1 Kb8 13. Rd1 f6 14. Ng3 Bg6
15. exf6 gxf6 16. Nge4 Qc8 17. Nc5 Bf5 18. d5 exd5 19. Nxd5 Bxc5 20. Bxc5 Bg4
21. Rd2 Na5 22. Ba2 Nxd5 23. Bxd5 b6 24. Qc3 Rxd5 25. Rxd5 Be6 26. Rdd1 Nb3 27.
Be3 Rg8 28. Bf4 Nxa1 29. Rxa1 Qd8 30. a4 Rg4 31. Qe3 Bd5 32. f3 Rg7 33. a5 Qe7
34. Qc3 Qc5+ 35. Qxc5 bxc5 36. Kf2 Kb7 37. Be3 c4 38. Bd4 Rf7 39. a6+ Kb8 40.
Re1 Bc6 41. Re6 Bb5 42. Rxf6 Rxf6 43. Bxf6 Bxa6 44. Bc3 Bb5 45. Ke3 Kc8 46. Kf4
Kd7 47. Kg5 Ba4 48. Kf6 Bc2 49. f4 h5 50. Kg5 Be4 51. g3 Bf3 52. h3 Ke6 53. g4
1-0

[Event "Chigorin Memorial 2012"]
[Site "St Petersburg RUS"]
[Date "2012.10.30"]
[Round "4"]
[White "Areshchenko, Alexander"]
[Black "Makarov, Marat"]
[Result "1-0"]
[WhiteElo "2710"]
[BlackElo "2516"]
[PlyCount "61"]
[EventDate "2012.10.27"]

1. e4 e5 2. Nf3 d6 3. d4 Nd7 4. Bc4 c6 5. O-O Be7 6. a4 Ngf6 7. Nc3 O-O 8. Re1
a5 9. h3 exd4 10. Nxd4 Nc5 11. Bf4 Qb6 12. b3 Be6 13. Nxe6 fxe6 14. Bxd6 Rad8
15. Bxe7 Rxd1 16. Raxd1 Re8 17. Bd6 h6 18. Kh2 Ncd7 19. e5 Nd5 20. Ne4 Rf8 21.
Bxf8 Kxf8 22. f4 Ke7 23. Nd6 Qb4 24. f5 Nxe5 25. Nc8+ Kf6 26. fxe6 Kxe6 27. Re4
Qf8 28. Nb6 Qb8 29. Bxd5+ Kf6 30. Kh1 cxd5 31. Rxe5 1-0

[Event "Andreikin - Nepomniachtchi (match)"]
[Site "Moscow RUS"]
[Date "2012.10.30"]
[Round "1"]
[White "Nepomniachtchi, Ian"]
[Black "Andreikin, Dmitry"]
[Result "0-1"]
[WhiteElo "2704"]
[BlackElo "2718"]
[PlyCount "174"]
[EventDate "2012.10.30"]

1. e4 e6 2. d4 d5 3. Nc3 dxe4 4. Nxe4 Nd7 5. Nf3 Ngf6 6. Bd3 c5 7. Nxf6+ Nxf6
8. Be3 Qc7 9. Qe2 Be7 10. O-O-O O-O 11. dxc5 b6 12. cxb6 axb6 13. Bc4 Bb7 14.
Bd4 b5 15. Bb3 Bd5 16. c3 Rfc8 17. Bxd5 Nxd5 18. Qe5 Qxe5 19. Bxe5 Rxa2 20. Kc2
f6 21. Kb3 Ra4 22. Bd4 Kf7 23. Rhe1 Rd8 24. g3 h5 25. Ra1 e5 26. Bxe5 Rxa1 27.
Rxa1 fxe5 28. Nxe5+ Kf6 29. Nc6 Rd6 30. Nd4 Rb6 31. Re1 Bc5 32. Re4 b4 33. Kc4
bxc3 34. bxc3 Bxd4 35. Rxd4 Nc7 36. Kd3 Rb2 37. Rc4 Nd5 38. Ke4 Ne7 39. Kf3 Ng6
40. Rc6+ Kf5 41. Rc5+ Ne5+ 42. Ke3 Kf6 43. h3 Rb1 44. Rc8 Re1+ 45. Kd2 Re4 46.
Rf8+ Ke7 47. Rh8 g6 48. Ra8 Kf6 49. Rf8+ Kg7 50. Ra8 Kf7 51. Rh8 Ra4 52. Rc8
Ra1 53. Ke3 Re1+ 54. Kf4 Kf6 55. Rf8+ Kg7 56. Rd8 Re2 57. Rd5 Kf6 58. Rd6+ Kg7
59. Rd5 Nf7 60. Kf3 Rc2 61. Rc5 Rc1 62. Kg2 Rc2 63. Kf3 Kh6 64. Ke3 Nd6 65. g4
h4 66. Rc6 Nf7 67. f4 Kg7 68. g5 Rg2 69. c4 Rg3+ 70. Ke4 Rxh3 71. Ra6 Rc3 72.
Kd4 Rf3 73. Ke4 Rc3 74. Kd4 Rc2 75. Ra3 Nd6 76. Ra7+ Kg8 77. Ke5 Ne8 78. Ra6
Kf7 79. Ra7+ Kg8 80. Ra6 Re2+ 81. Kd4 Kf7 82. c5 h3 83. Ra7+ Ke6 84. Rh7 h2 85.
Kd3 Ra2 86. Ke4 Ng7 87. c6 Nh5 0-1

[Event "Andreikin - Nepomniachtchi (match)"]
[Site "Moscow RUS"]
[Date "2012.10.31"]
[Round "2"]
[White "Andreikin, D."]
[Black "Nepomniachtchi, I."]
[Result "1/2-1/2"]
[WhiteElo "2718"]
[BlackElo "2704"]
[PlyCount "102"]
[EventDate "2012.10.30"]

1. d4 Nf6 2. c4 g6 3. Nc3 d5 4. Bf4 Bg7 5. e3 c5 6. dxc5 Qa5 7. Rc1 Ne4 8. Nge2
e5 9. Bg3 Nxg3 10. hxg3 dxc4 11. Qa4+ Nc6 12. Qxa5 Nxa5 13. Nb5 O-O 14. Nec3 e4
15. Nd6 Be6 16. Ndxe4 Rfc8 17. Be2 h6 18. g4 f5 19. gxf5 gxf5 20. Ng3 Rxc5 21.
Nh5 Be5 22. Nf4 Bxf4 23. exf4 Kg7 24. Rd1 Re8 25. Rh3 a6 26. Re3 Bf7 27. Rd7
Rxe3 28. fxe3 Kf8 29. g4 fxg4 30. Bxg4 Rc6 31. e4 h5 32. Bh3 b5 33. Nd5 Rc5 34.
Nc7 c3 35. bxc3 Rxc3 36. Bf5 Nc4 37. e5 Nb6 38. Rd8+ Ke7 39. Rd6 Rxc7 40. Rxb6
Rc4 41. Rxa6 Rxf4 42. Ra7+ Kf8 43. Bd3 h4 44. Bxb5 h3 45. e6 Bxe6 46. Rh7 Rb4
47. Bf1 Rb1+ 48. Kf2 Rb2+ 49. Kg1 h2+ 50. Rxh2 Rxh2 51. Kxh2 Bxa2 1/2-1/2

[Event "Andreikin - Nepomniachtchi (match)"]
[Site "Moscow RUS"]
[Date "2012.11.01"]
[Round "3"]
[White "Nepomniachtchi, I."]
[Black "Andreikin, D."]
[Result "1/2-1/2"]
[WhiteElo "2704"]
[BlackElo "2718"]
[PlyCount "109"]
[EventDate "2012.10.30"]

1. e4 c6 2. d4 d5 3. e5 c5 4. Nf3 Bg4 5. dxc5 Nc6 6. c3 e6 7. b4 Bxf3 8. Qxf3
Nxe5 9. Bb5+ Nc6 10. Bb2 Be7 11. c4 Nf6 12. Nc3 O-O 13. O-O-O d4 14. Bxc6 bxc6
15. Qxc6 dxc3 16. Rxd8 cxb2+ 17. Kxb2 Raxd8 18. Kc2 a5 19. a3 axb4 20. axb4 Ra8
21. Rb1 Rfd8 22. Qf3 Ne8 23. Rb3 Ra2+ 24. Rb2 Rd2+ 25. Kxd2 Rxb2+ 26. Kc3 Bf6+
27. Qxf6 Nxf6 28. Kxb2 Kf8 29. f3 Ke7 30. Kc3 e5 31. b5 Kd7 32. Kd3 Kc7 33. c6
Kd6 34. h4 Ne8 35. f4 exf4 36. Kd4 Nf6 37. c5+ Kc7 38. Ke5 h6 39. Kxf4 Nd5+ 40.
Ke5 Nc3 41. b6+ Kxc6 42. b7 Kxb7 43. Kd6 g5 44. Ke7 gxh4 45. Kxf7 Nd5 46. Kg6
Ne3 47. Kh5 Nf5 48. Kg6 Ne3 49. Kh5 Nxg2 50. Kg4 Kc6 51. Kh3 Nf4+ 52. Kxh4 Kd5
53. c6 Ke5 54. c7 Ng6+ 55. Kh5 1/2-1/2

[Event "Andreikin - Nepomniachtchi (match)"]
[Site "Moscow RUS"]
[Date "2012.11.03"]
[Round "4"]
[White "Andreikin, D."]
[Black "Nepomniachtchi, I."]
[Result "1/2-1/2"]
[WhiteElo "2718"]
[BlackElo "2704"]
[PlyCount "79"]
[EventDate "2012.10.30"]

1. Nf3 d5 2. d4 Nf6 3. c4 c6 4. Nc3 e6 5. Qb3 Be7 6. Bg5 Nbd7 7. e3 h6 8. Bh4
Ne4 9. Bg3 Qa5 10. Bd3 dxc4 11. Qxc4 Nxg3 12. hxg3 e5 13. Rh5 g5 14. O-O-O Nb6
15. Qb3 Bg4 16. Rhh1 exd4 17. exd4 Be6 18. d5 Bxd5 19. Nxd5 Qxd5 20. Bc2 Qxb3
21. Bxb3 Bf6 22. a4 Rc8 23. Rhe1+ Kf8 24. Ne5 Bxe5 25. Rxe5 Rc7 26. a5 Nc8 27.
Kc2 Kg7 28. Kc3 Ne7 29. Rd6 Re8 30. Kb4 b6 31. a6 Kf8 32. f4 Ng8 33. Rf5 gxf4
34. Rxc6 Ree7 35. Rxc7 Rxc7 36. Rxf4 Kg7 37. Rg4+ Kf8 38. Rf4 Kg7 39. Rg4+ Kf8
40. Rf4 1/2-1/2

[Event "Chigorin Memorial 2012"]
[Site "St Petersburg RUS"]
[Date "2012.10.29"]
[Round "3"]
[White "Shirov, A."]
[Black "Pasiev, R."]
[Result "1/2-1/2"]
[WhiteElo "2718"]
[BlackElo "2334"]
[PlyCount "98"]
[EventDate "2012.10.27"]

1. e4 c5 2. Nf3 Nc6 3. Bb5 g6 4. Bxc6 dxc6 5. d3 Bg7 6. h3 e5 7. Be3 Qe7 8. Nc3
Nf6 9. Qd2 Nd7 10. Bh6 Bxh6 11. Qxh6 f6 12. Nh4 Nf8 13. f4 exf4 14. O-O Be6 15.
Rae1 O-O-O 16. Qxf4 g5 17. Nf5 Bxf5 18. Qxf5+ Nd7 19. Nd1 Kb8 20. Ne3 Rhf8 21.
Qf2 h5 22. Qe2 h4 23. Rf5 Ne5 24. Qf2 Ng6 25. Ng4 c4 26. dxc4 Nf4 27. a3 Qd6
28. b3 Qxa3 29. Nxf6 Qb4 30. Nh7 Rxf5 31. exf5 Rd2 32. Qe3 Rxg2+ 33. Kf1 Rg3
34. Qe5+ Kc8 35. Nxg5 Rxg5 36. Qxf4 Rg1+ 37. Kxg1 Qxe1+ 38. Kg2 Qe2+ 39. Qf2
Qe4+ 40. Kg1 Kd8 41. Qd2+ Ke8 42. Qd3 Qxd3 43. cxd3 Kf7 44. b4 Kf6 45. Kf2 Kxf5
46. Ke3 b6 47. b5 c5 48. Kf3 Ke5 49. Ke3 Kf5 1/2-1/2

[Event "Chigorin Memorial 2012"]
[Site "St Petersburg RUS"]
[Date "2012.10.29"]
[Round "3"]
[White "Arslanov, S."]
[Black "Akopian, Vl"]
[Result "1/2-1/2"]
[WhiteElo "2421"]
[BlackElo "2703"]
[PlyCount "86"]
[EventDate "2012.10.27"]

1. e4 Nf6 2. e5 Nd5 3. d4 d6 4. c4 Nb6 5. exd6 cxd6 6. Nc3 g6 7. Be3 Bg7 8. Rc1
O-O 9. b3 Nc6 10. Nf3 Bg4 11. Be2 d5 12. c5 Nc8 13. Ne5 Nxe5 14. Bxg4 Nc6 15.
Bxc8 Rxc8 16. O-O e5 17. Nb5 f5 18. Nd6 f4 19. Nxc8 Qxc8 20. dxe5 fxe3 21.
Qxd5+ Kh8 22. fxe3 Rd8 23. Qe4 Nxe5 24. Rcd1 Re8 25. Qd5 h5 26. h3 Kh7 27. b4
Re7 28. a4 a6 29. b5 Rc7 30. Rc1 Qe8 31. bxa6 bxa6 32. Qe4 Re7 33. c6 Ng4 34.
Qd3 Rxe3 35. Qd7 Qe4 36. hxg4 Re2 37. Rf2 Rxf2 38. Kxf2 Qf4+ 39. Ke2 Qxc1 40.
c7 Qc4+ 41. Ke3 Qc3+ 42. Ke2 Qc2+ 43. Ke3 Qc3+ 1/2-1/2

[Event "Chigorin Memorial 2012"]
[Site "St Petersburg RUS"]
[Date "2012.10.29"]
[Round "3"]
[White "Almasi, Z."]
[Black "Hairapetian, A."]
[Result "1-0"]
[WhiteElo "2707"]
[BlackElo "2185"]
[PlyCount "83"]
[EventDate "2012.10.27"]

1. e4 e5 2. Nf3 Nc6 3. Bb5 a6 4. Ba4 Nf6 5. O-O Be7 6. d3 b5 7. Bb3 d6 8. c3
O-O 9. Re1 Nb8 10. Nbd2 Nbd7 11. Nf1 Nc5 12. Bc2 Bb7 13. Ng3 Re8 14. d4 Ncd7
15. b3 Bf8 16. d5 Nb6 17. Rb1 Rc8 18. c4 g6 19. Bd3 c6 20. Bd2 Nbd7 21. Bf1
cxd5 22. cxd5 Nc5 23. h3 h5 24. Bg5 Be7 25. Qd2 Nh7 26. Bxe7 Rxe7 27. Re3 Rec7
28. Rbe1 Nf6 29. Qb4 Ba8 30. Rd1 Nb7 31. a4 bxa4 32. Qxa4 Nc5 33. Qa3 h4 34.
Nxh4 Nxd5 35. exd5 Qxh4 36. b4 Nd7 37. Ne4 Qe7 38. Qxa6 Nf6 39. Nxd6 Rd8 40.
Nf5 gxf5 41. d6 Rxd6 42. Qxd6 1-0